Kolonien in Amerika 1775 auf einer Karte - Statistiken

Allgemein
  • Dieses Quiz wurde 73 mal gespielt
  • Das Durchschnittsergebnis liegt bei 19 aus 53
Antworten auf der Karte
Die Antworten werden auf der Karte rot bzw. grün angezeigt, abhängig davon wie oft sie richtig erraten wurden.
 
Antwortstatistiken
Kolonien % Korrekt
Brasilien
90%
East Florida
80%
West Florida
80%
New York
75%
Russisch {Amerika}
71%
Französisch {Guyana}
67%
Virginia
65%
Grönland
63%
Peru
61%
South Carolina
61%
Neufundland
59%
North Carolina
59%
Rhode Island
57%
Suriname
57%
Pennsylvania
55%
Bahama Inseln
53%
Georgia
53%
New Jersey
53%
Jamaika
51%
New Hampshire
51%
Delaware
49%
Maryland
49%
Quebec
49%
Massachusetts
47%
Connecticut
45%
Barbados
41%
Bermuda
33%
Neuspanien
33%
Saint Lucia
33%
Saint Martin
31%
Grenada
29%
Indianer Reservat
25%
Nova Scotia
22%
Guadeloupe
20%
Martinique
20%
Ruperts Land
20%
Neugranada
18%
Turks- und Caicosinseln
16%
Saint-Pierre and Miquelon
12%
Tobago
12%
Dänisch {West Indien}
10%
Niederländisch {West Indien}
10%
Irokesen
8%
Miskitoküste
8%
Essequibo
6%
Sacramento
6%
Saint Barthélemy
6%
Britische {Leeward Islands}
4%
Demerara
4%
Prinz Edward Island
4%
Saint-Domingue
4%
Sankt Vincent und die Grenadinen
4%
Berbice
2%
Keine übereinstimmenden Quizze gefunden
Verteilung der Resultate
Anzahl Personen mit jedem Resultat
Perzentil nach korrekt beantworteten Fragen
Ihre Resultats-Entwicklung
Sie haben dieses Quiz noch nicht gespielt